000 01158nam0a2200349 i 4500
001 RU\NLR\BIBL_A\010673464
005 20241103111133.0
010 _a9785969112636
_92000
021 _aRU
_b2014-97027
_95891
035 _a(NILC)RuMoRGB-007844773
035 _a(NLR Aleph) 010673464
090 _a9616364
_c9616364
100 _a20150216d2015 m y0rusy50 ca
101 0 _arus
102 _aRU
105 _ay|||z||||00ay
200 1 _aМаленькие трагедии большой истории
_fЕлена Съянова
210 _aМосква
_cВремя
_d2015
_d[т.е. 2014]
215 _a223 с.
_d21
225 1 _aСерия "Время" читать!
300 _aКн. фактически изд. в 2014 г.
333 _a16+
606 _aВсеобщая история
_jПопулярные издания
_91324332
_3RU\NLR\AUTH\66234889
686 1 _aТ3(0)я9
686 2 _aШ6(2=Р)8-448
700 1 _aСъянова
_bЕ. Е.
_gЕлена Евгеньевна
801 0 _aRU
_bРГБ
_c20141226
_gRCR
942 _cBOOK
980 _aNBR